000
00336nam a2200145Ia 4500
008
150201s2006 xx 000 0 und d
082
_a
610.7343
_b
P06B
100
_a
BHATIA , M.S.
245
_a
PROBLEM OF BEHAVIOUR IN CHILDER
250
_a
3RD
260
_b
CBS
_a
DELHI
_c
2006
300
_a
293
650
_a
NURSING
942
_2
ddc
_c
BK
999
_c
1890
_d
1890